006800000a22001810004500090001700000100004700017700004100064245013400105041001400239650003000253650002300283650003300306650002500339651006900364942001300433773003500446999001700481 aAsbSeriadas1 aMurcia Rodríguez, Miguel Antonio91004811 aOchoa Reyes, Martha Patricia910048210aRespiración del suelo en una comunidad sucesional de pastizal del bosque altoandino en la cuenca del río Pamplonita, Colombia0 aEspañol14aBosques altoandinos9283114aPastizales910048314aSucesión ecológica9754614aEstacionalidad97232 4dNorte de SantanderlReserva Natural El VolcánmPamplona992749 cARTICULO1 tCaldasiah2q337-353d2008g30 c16269d16269